LEADER 01458nam a2200277 u 4500 001 000000034842 003 CaOOAMICUS 005 20070226112522.0 008 980216c1982 fr u000 u fre u 035 $a10782572 040 $aPUL(R)$bita 100 1 $aChevailler, Laurent.$0(OLS)http://pul/name/26787 245 13$aLe droit et les institutions de l'église catholique latine de la fin du XVIIIe siècle à 1978 :$borganismes, collégiaux et moyens de gouvernement /$cpar Laurent Chevailler, Charles Lefebvre, René Metz. 260 $aParis :$bEditions Cujas,$c1982. 300 $a478 p. ;$c24 cm 490 1 $aHistoire du droit et des institutions de l'Eglise en Occident ;$v17 500 $aIndice: p. [436]-478. 504 $aBibliografia in nota. 700 1 $aMetz, René.$0(OLS)http://pul/name/15319 700 1 $aLefebvre, Charles,$csac.,$d1904-1989.$0(OLS)http://pul/name/4377 830 0$aHistoire du droit et des institutions de l'Eglise en Occident ;$v17.$0(OLS)http://pul/title/1124 850 $aPUL 852 $aPUL$W1$xSL Diritto Canonico 1$y5$m145 H 17$j47716$nBK-PRI$b $qStampati$B47716$CPULBib$Z2$F47716 $HPUL61756 $81 941 1 $a8 996 $6245$aLe droit et les institutions de l'église catholique latine de la fin du XVIIIe siècle à 1978 :$borganismes, collégiaux et moyens de gouvernement$9(OLS)http://pul/title/48007 996 $6260$aParis :$bEditions Cujas$9(OLS)http://pul/publisher/50118 LEADER 01659nam a2200349 a 4500 001 000000163054 003 CaOOAMICUS 005 20171003093848.0 008 171003s2017 vc u001 u ita r 020 $a978-88-465-1171-3* 032 $aLibriCat 040 $aPUL$bita 082 04$a230 100 1 $aOrmas, Maurizio,$d1948-$0(OLS)http://pul/name/73617 245 13$aLa questione sociale da papa Leone a Francesco : $ble Encicliche sociali che hanno disegnato un nuovo umanesimo /$cMaurizio Ormas ; prefazione di Flavio Felice. 260 $aCittà del Vaticano :$bLateran University Press,$c©2017. 300 $a279 p. ;$c24 cm. 490 1 $aProspettive ;$v13 504 $aBibliografia in nota. 650 4$aEncicliche sociali.$0(OLS)http://pul/subject/119 650 4$aDottrina sociale della Chiesa.$0(OLS)http://pul/subject/33229 700 1 $aFelice, Flavio,$d1969-$0(OLS)http://pul/name/42078 830 0$aProspettive (Lateran University Press) ;$v13.$0(OLS)http://pul/title/138646 850 $aPUL 852 $aPUL$W1$xSL Religione 3$y85$m230 COLL 2.13$j187094$qDDC 21$B190279$CPULBib$Z2$F190279 $H130094 $81 941 1 $a9 960 $aDottrina sociale cristiana$933229 996 $6020$a978-88-465-1171-3*$9(OLS)http://pul/number/163122 996 $6082$a230$9(OLS)http://pul/classification/368 996 $6245$aLa questione sociale da papa Leone a Francesco : $ble Encicliche sociali che hanno disegnato un nuovo umanesimo$9(OLS)http://pul/title/202798 996 $6260$aCittà del Vaticano :$bLateran University Press$9(OLS)http://pul/publisher/74585